00782 a2200169 4500003000500000005001700005040000900022082001000031100003600041245013500077260003800212300001400250505029200264538003100556650001400587651001100601Nust20170207153158.0 cNust a005.8 aKawish, Babar Sarwar ( MSIS-3) aReducing the overhead cost for different mobility models in Ad hoc on demand distance vector (AODV) protocolcBabar Sarwar Kawish  bMCS (NUST)cOct, 2007aRawalpindi ax, 86, p. aIntroduction (page-1) Mobile ad hoc network (page-5) Manet routing protocols (page-12) Overview of ad hoc on-demand distance vector routing (page-20) Architecture of AODV (page-31) Control overheads in AODV routing protocol (page-46) Simulation and results (page-55) Conclusion (page-66) aAlmirah No. 70 Shelf No. 3 aPG Thesis aMSIS-3